000 00549nam a22001817a 4500
005 20170517115236.0
010 _aENG-118196
020 _a9789384275235
_c995.00
035 _aEN-101728
037 _bDBAD/PUB
082 _a370.9545
100 _aSharma, Preeti
245 _aDevelopment of education in north east india/
_cby Preeti Sharma
260 _aIndia
_bNE BOOKS AND PUBLISHERS
_c2017
270 _aNational Highway Silchar- 788005 Assam, India
300 _a210 p.
_c23cm. (Hb)
942 _2ddc
_cEN
_h370.9545
_mSHA
999 _c139999
_d139999